00817nam a22002177a 450000500170000001000150001702000260003203500140005803700090007208200110008110000260009224500790011825000060019726000540020327000880025730000200034570000430036594200220040899900190043095201500044920250210150715.0 aENG-143736 c499.00a9788119798506 aEN-127268 bDBAD a88121 aNayak, Rankita977462 aSlice of Silence/cby Ranjita Nayak [and] Translated By Bhagaban Jayasingh a1 aNew Delhi bHar-Anand Publications Pvt Ltd c2024 bNew Delhi e110020aE-49/3, Okhla Industrial Area, Phase IIminfo@haranandbooks.com a102p.c21cm(pb) aJayasingh, BhagabaneTranslator977463 2ddccENmNAYh881 c208963d208963 001040708NFICaLbLd2025-02-10eDelivery of Books Act Divisiong499.00l0oNAY 881pEN-127268r2025-02-10 00:00:00t1v499.00w2025-02-10yEN